00915nam a2200265 i 450000100060000000300090000600500170001500700030003200800410003502000180007608000140009408000070010810000450011524500550016025000120021526000590022730000220028649000380030865000570034665000280040383000460043185200330047799900170051095201220052782170ES-MaACL20250901015450.0t|041129s1996 sp ||||1| spa d a84-375-0422-8 a165.242.1 a131 aGurméndez, Carlos (d1917-1997)96098610aOntología de la pasión / cCarlos Gurméndez. a1ª ed. aMadrid, etc. : bFondo de Cultura Económica, c1996. a159 p. ; c21 cm.1 aSección de obras de filosofía 7aEmociones y sentimientos (Filosofía)2embne91219804aYo (Filosofía)9178580 aSección de obras de filosofía9178631 aES-MaACLjE-10265 bR.134660 c82170d82170 00104070aATENEOMbATENEOMcDEPO2d2008-01-17eSCl0oE-10265p1085881r2023-02-23 00:00:00w2023-02-23yMONOGRAFIA